Daoyuan yue fu : 1 juan /
Saved in:
| Main Author: | |
|---|---|
| Format: | Book |
| Language: | Chinese |
| Published: |
[China :
s.n.],
Min guo 11 [1922]
|
| Series: | Qiangcun cong shu ;
37. |
| Tags: |
Add Tag
No Tags, Be the first to tag this record!
|
| LEADER | 00993cam a2200289ui 4500 | ||
|---|---|---|---|
| 001 | 007784233-2 | ||
| 005 | 20170601134738.0 | ||
| 008 | 980506s1922 cc 000 0 chi d | ||
| 035 | 0 | |a ocm39067373 | |
| 040 | |a *YNH* |c *YNH* |d CStRLIN | ||
| 100 | 1 | |6 880-01 |a Yu, Ji, |d 1272-1348. | |
| 245 | 1 | 0 | |6 880-02 |a Daoyuan yue fu : |b 1 juan / |c Yu Ji zhuan. |
| 260 | |6 880-03 |a [China : |b s.n.], |c Min guo 11 [1922] | ||
| 300 | |a 1 v. ; |c 26 cm. | ||
| 490 | 1 | |6 880-04 |a Qiangcun cong shu ; |v 37 | |
| 500 | |a Hart collection (copy 2), in rare books room. | ||
| 500 | |6 880-05 |a 3 ci jiao bu kan ben. | ||
| 500 | |a Double leaves, oriental style, in case. | ||
| 880 | 1 | |6 100-01 |a 虞集, |d 1272-1348. | |
| 880 | 1 | 0 | |6 245-02 |a 道園樂府 : |b 1卷 / |c 虞集撰. |
| 880 | |6 260-03 |a [China : |b s.n.], |c 民國11 [1922] | ||
| 880 | 1 | |6 490-04 |a 彊村叢書 ; |v 37 | |
| 880 | |6 500-05 |a 3次校補刋本. | ||
| 830 | 0 | |6 880-54 |a Qiangcun cong shu ; |v 37. | |
| 880 | 0 | |6 830-54 |a 彊村叢書 ; |v 37. | |
| 988 | |a 20021121 | ||
| 906 | |0 MH | ||


